000 00316nam a22001337a 4500
008 181107b xxu||||| |||| 00| 0 eng d
020 _a9780683307696
041 _aeng
080 _29th
_a612.39
100 _a10
101 _aNUT
245 _aModern Nutrition in Health and Disease
_cShils,M.E
942 _2udc
_cBK
999 _c52150
_d52150